A study of syntactic and pragmatic features of indirect interrogative directives in English and Vietnamese
Introduction; Review of literature; Methodology and procedures...
Sparad:
| Huvudupphovsman: | |
|---|---|
| Övriga upphovsmän: | |
| Materialtyp: | Okänd |
| Språk: | English |
| Publicerad: |
Đà Nẵng :
Đại học Đà Nẵng,
2011.
|
| Ämnen: | |
| Taggar: |
Lägg till en tagg
Inga taggar, Lägg till första taggen!
|
| Thư viện lưu trữ: | Mạng thư viện Đại học Đà Nẵng |
|---|
| LEADER | 02866na a2200373 4500 | ||
|---|---|---|---|
| 001 | 000031737 | ||
| 003 | 7022 | ||
| 005 | 20230726094609.0 | ||
| 008 | 151001s2011 000 eng | ||
| 040 | |a LNN | ||
| 041 | |a ENG | ||
| 082 | |a 420.4 |b NG-B | ||
| 100 | 1 | |a Nguyễn, Thị Thanh Bình. | |
| 245 | 1 | 2 | |a A study of syntactic and pragmatic features of indirect interrogative directives in English and Vietnamese |h [Thesis-Luận văn thạc sĩ] / |c Nguyễn Thị Thanh Bình; Phan Thị Bé hướng dẫn. |
| 260 | |a Đà Nẵng : |b Đại học Đà Nẵng, |c 2011. | ||
| 300 | |a 83tr. ; |c 29 cm. + |e 1 tóm tắt. | ||
| 500 | |a M.A. thesis in the English language. | ||
| 520 | 3 | |a Introduction; Review of literature; Methodology and procedures... | |
| 630 | 0 | 4 | |a Tiếng Anh. |
| 650 | 0 | 4 | |a English language |x Syntactic and pragmatic features. |
| 700 | 1 | |a Phan Thị Bé, |c M.Ed., |e Hướng dẫn. | |
| OWN | |a LNN | ||
| AVA | |a UDN50 |b LNN |c English |d 420.4 NG-B |e available |t Error 5001 Not defined in file expand_doc_bib_avail. |f 1 |g 0 |h N |i 0 |j AN |k 1 | ||
| Z40 | 3 | |y A study of syntactic and pragmatic features of indirect interrogative directives in English and Viet |l Library of UFL |t VIEW |x http://catalog.udn.vn:80/F?func=service&doc_library=UDN01&local_base=UDN01&doc_number=000031737&sequence=000001&line_number=0001&func_code=DB_RECORDS&service_type=MEDIA |f Luanvantomtat_000033953.pdf |e pdf |s 000444933 |k 20240416 |m NTMTHI | |
| Z40 | 3 | |y A study of syntactic and pragmatic features of indirect interrogative directives in English and Viet |l Library of UFL |t VIEW |x http://catalog.udn.vn:80/F?func=service&doc_library=UDN01&local_base=UDN01&doc_number=000031737&sequence=000002&line_number=0002&func_code=DB_RECORDS&service_type=MEDIA |f LuanvanDACHINHSUA_000033955.pdf |e pdf |s 001052207 |k 20240416 |m NTMTHI | |
| 999 | |a From the UDN01 | ||
| AVA | |a UDN50 |b LNN |c English |d 420.4 NG-B |e available |t Error 5001 Not defined in file expand_doc_bib_avail. |f 1 |g 0 |h N |i 0 |j AN |k 1 | ||
| TYP | |a Printed language | ||
| 856 | |y A study of syntactic and pragmatic features of indirect interrogative directives in English and Viet |l Library of UFL |t VIEW |x http://catalog.udn.vn:80/F?func=service&doc_library=UDN01&local_base=UDN01&doc_number=000031737&sequence=000001&line_number=0001&func_code=DB_RECORDS&service_type=MEDIA |f Luanvantomtat_000033953.pdf |e pdf |s 000444933 |k 20240416 |m NTMTHI | ||
| 856 | |y A study of syntactic and pragmatic features of indirect interrogative directives in English and Viet |l Library of UFL |t VIEW |x http://catalog.udn.vn:80/F?func=service&doc_library=UDN01&local_base=UDN01&doc_number=000031737&sequence=000002&line_number=0002&func_code=DB_RECORDS&service_type=MEDIA |f LuanvanDACHINHSUA_000033955.pdf |e pdf |s 001052207 |k 20240416 |m NTMTHI | ||
| 980 | |a Mạng thư viện Đại học Đà Nẵng | ||